| 000 | 00474cam a2200181ua 4500 | ||
|---|---|---|---|
| 020 | _c230.00 | ||
| 041 |
_aeng _h |
||
| 082 |
_a620.1 _bPRA/TE |
||
| 100 | _aPrasad, I B . | ||
| 245 |
_aText book of applied mechanics dynamics and statics / _cI.B Prasad. _hTextual Documents |
||
| 260 |
_aDelhi : _bKhanna publishers , _c2007. |
||
| 300 | _a1275 ; . | ||
| 365 | _a230.00 | ||
| 504 | _a | ||
| 700 | 1 | _aMathur, Yashawant . | |
| 942 | _cBK | ||
| 999 |
_c13208 _d13208 |
||